000 00365 a2200109 4500
001 ART_10867
005 20260410161853.0
008 260409a
245 1 0 _aLa presencia de lo excluído
100 1 _aWolfzun, Nora
773 0 _tFilosofía del derecho
_gCuestiones conceptuales, metodológicas y normativas - Año I, Nº 1 (mayo 2012)
_wREV10449
999 _c25181
_d25181